000
00288nam a22001097a 4500
008
170110b xxu||||| |||| 00| 0 eng d
020
_a
0801650038
041
_a
eng
080
_a
618.2
245
_a
TEXTBOOK OF CRITICAL CARE NURSING
_c
THELAN, L.A & DAVIE, J.K & URDEN, L.D
942
_2
udc
_c
BK
999
_c
2623
_d
2623